PUNTIANAK LUBUK DALAM / (Record no. 195450)

MARC details
000 -LEADER
fixed length control field 01183nam a2200265 4500
003 - CONTROL NUMBER IDENTIFIER
control field OSt
005 - DATE AND TIME OF LATEST TRANSACTION
control field 20240326104411.0
008 - FIXED-LENGTH DATA ELEMENTS--GENERAL INFORMATION
fixed length control field 240324s2020 my a gr6 000 f may d
020 ## - INTERNATIONAL STANDARD BOOK NUMBER
International Standard Book Number 9789672902034
Terms of availability RM 0.00
Qualifying information paperback
040 ## - CATALOGING SOURCE
Original cataloging agency PPAK
Language of cataloging eng
Transcribing agency PPAK
Description conventions rda
082 04 - DEWEY DECIMAL CLASSIFICATION NUMBER
Edition number 23
Classification number 899.2333
090 00 - LOCALLY ASSIGNED LC-TYPE CALL NUMBER (OCLC); LOCAL CALL NUMBER (RLIN)
Classification number (OCLC) (R) ; Classification number, CALL (RLIN) (NR) 899.2333
Feature heading SUH
Feature heading G
100 0# - MAIN ENTRY--PERSONAL NAME
Personal name Suhana Mat Lazim
Relator term Author
245 00 - TITLE STATEMENT
Title PUNTIANAK LUBUK DALAM /
Statement of responsibility, etc. SUHANA MAT LAZIM ; Editor / Grafik : Jabatan Editorial & Grafik DN
264 #1 - PRODUCTION, PUBLICATION, DISTRIBUTION, MANUFACTURE, AND COPYRIGHT NOTICE
Place of production, publication, distribution, manufacture Kuala Lumpur :
Name of producer, publisher, distributor, manufacturer Dear Novels Sdn. Bhd.,
Date of production, publication, distribution, manufacture, or copyright notice 2020
300 ## - PHYSICAL DESCRIPTION
Extent 256 pages :
Other physical details Illustration ;
Dimensions 18.5 cm
336 ## - CONTENT TYPE
Content type term text
Source rdacontent
337 ## - MEDIA TYPE
Media type term unmediated
Source rdamedia
338 ## - CARRIER TYPE
Carrier type term volume
Source rdacarrier
520 ## - SUMMARY, ETC.
Summary, etc. Dengan kematian Siti Fatimah pada malam berdarah itu, bermulalah rasa takut dan gerun penduduk-penduduk kampung Lubuk Dalam. Ironisnya, kematian Darus turut berlaku pada malam yang sama, oleh pembunuh yang sama tetapi dibunuh dengan cara yang berlainan. Kematian Darus bersaksikan anaknya, Darwisy.
586 ## - AWARDS NOTE
Awards note Penerima Penerbit Baru Terbaik Anugerah Buku Negara 2019
650 10 - SUBJECT ADDED ENTRY--TOPICAL TERM
Topical term or geographic name entry element Malay fiction
700 ## - ADDED ENTRY--PERSONAL NAME
Personal name Jabatan Editorial & Grafik DN
942 ## - ADDED ENTRY ELEMENTS (KOHA)
Source of classification or shelving scheme Dewey Decimal Classification
Koha item type Book
Holdings
Withdrawn Not for loan Current library Shelving location Date acquired Total Checkouts Full call number Barcode Date last seen Date last checked out Koha item type
    Perpustakaan Kulim Pinjaman Dewasa 12/05/2024 1 899.2333 SUH A00748198 14/09/2024 28/08/2024 Book